Dokończ tekst piosenki #1 - "Mamona" Republika - Statystyki

Ogólne statystyki
  • Ten quiz został rozwiązany 20 razy
  • Średni wynik to 17 z 26
Statystyki odpowiedzi
Tekst Dokończenie % Poprawnych
Ale chcę, by było to wyłącznie dla... mamony
94%
Dziś piszę dla ... mamony
94%
Dziś piszę dla ... mamony
94%
Napisałem dziś ... piosenkę
94%
Tylko Ty, dla Ciebie ... piszę
89%
Ta piosenka jest pisana dla ... pieniędzy
83%
Tylko Ty, po ... nie ma nic Tobie
83%
Tylko Ty, po ... nie ma nic Tobie
83%
Najpierw ..., długo, długo nic Ty
83%
Najpierw ..., długo, długo nic Ty
83%
Ta piosenka jest ... dla pieniędzy nagrana
72%
już jest nieźle, już jest... pięknie
72%
Ta piosenka jest ... dla pieniędzy śpiewana
72%
nie całuje nigdy w ... usta
72%
I o niczym innym, nic bez znaczeń... dodatkowych
61%
Tak, jak żadna ... prostytutka
61%
Nie traktuję Cię jak ... głupca
56%
Ta piosenka jest ... dla pieniędzy wydana
56%
Ta piosenka jest ..., ja tu śpiewam w przekonaniu prawdziwa
50%
Bo jak wierzyć w to, że ktoś ... dla mamony wyznaje
50%
Ani słowa o miłości, o ..., polityce podłości
44%
I że widzisz to, jak ... piszę dla mamony dzisiaj
33%
Że nic nie ..., tylko muszę coś zarobić przeżywam
28%
ja zakładam, że Ty słuchasz
28%
Tak i ja odpuszczam sobie wszystkie moje... strofy
28%
Ile razy to słyszałem, że ktoś ..., nie wierzyłem kochał
6%
Nie znaleziono quizów pasujących do podanych kryteriów
Rozkład punktacji
Procent ludzi z każdym wynikiem
Percentyl według liczby udzielonych odpowiedzi
Twoja historia wyników
Nie rozwiązałeś tego quizu